Μέθοδος ισορρόπου αναπτύξεως προσφοράς και ζητήσεως

Αποθηκεύτηκε σε:
Λεπτομέρειες βιβλιογραφικής εγγραφής
Κύριος συγγραφέας: Μαρματάκης, Νικόλαος Γ.
Μορφή: Βιβλίο
Γλώσσα:Greek
Δημοσίευση: Αθήνα : Τράπεζα της Ελλάδος-Διεύθυνσις οικονομικών μελετών, 1965
Σειρά:Σειρά ειδικών μελετών (Τράπεζα της Ελλάδος.Διεύθυνση Οικονομικών Μελετών) ; 11
Θέματα:
Ετικέτες: Προσθήκη ετικέτας
Δεν υπάρχουν, Καταχωρήστε ετικέτα πρώτοι!

MARC

LEADER 00000nam a2200000 i 4500
001 1/65473
008 990111s1965 gre d
035 |l 10047141 
040 |a GR-MY-UA  |b gre  |e aacr 
041 0 |a gre 
082 0 |a 338.521 
100 1 |a Μαρματάκης, Νικόλαος Γ. 
245 1 0 |a Μέθοδος ισορρόπου αναπτύξεως προσφοράς και ζητήσεως /  |c Νικολάου Γ. Μαρματάκη 
260 |a Αθήνα :   |b Τράπεζα της Ελλάδος-Διεύθυνσις οικονομικών μελετών,   |c 1965 
300 |a 225 σ. 
490 1 |a Σειρά ειδικών μελετών (Τράπεζα της Ελλάδος.Διεύθυνση Οικονομικών Μελετών)  |v ; 11 
504 |a Περιέχει βιβλιογραφία  
650 0 0 |a Supply and demand. 
830 0 |a Σειρά ειδικών μελετών (Τράπεζα της Ελλάδος.Διεύθυνση Οικονομικών Μελετών)  |v ; 11 
852 |a INST  |b CHIOS  |e 19990111  |h 338.521 ΜΑΡ  |p 005200015146  |q 005200015146  |t BK  |y 0 
901 |a BIBL-1999-1 
909 |a Χ  |b 055187 
922 |a 2ΔΩΡ  |b 199901  |d ΛΕΜΟΝΙΑ